000 00742cam a2200217 4500
001 J1614
008 090401t1993 xxu||||| |||| 00| 0 eng d
035 _a(Sirsi) u44459
041 _aeng
110 _aEurope
_bEuropean Communities Commission
_9698
245 _aCommission Regulation (EEC) No 1379/93 of 7 May 1993 amending Regulation (EEC) No 2293/92 laying down detailed rules for the appliaction of Council Regulation (EEC) No 1765/92 with regard to the set-aside scheme referred to in Article 7.
260 _c1993
300 _a(3)p. ; 30cm.
350 _a0
490 _aRegulation (EEC)
_v1379/93
650 _aEC REGULATIONS
650 _aSET-ASIDE
690 _aEUROPE-SINGLE MARKET
942 _n0
948 _c04/03/1997
999 _c91538
_d91538